| 000 | 01448cad a22002775a 4500 | ||
|---|---|---|---|
| 001 | L160103 | ||
| 008 | 100611s2009 xxk f 000 0 eng d | ||
| 035 | _a(Sirsi) u160103 | ||
| 041 | 0 | _aeng | |
| 110 | 2 | _aFederation International Des Geometres | |
| 111 | 2 |
_aFIG / World Bank Conference Washington DC, USA _d9 - 10 March 2009 |
|
| 245 | 0 | 0 |
_aPositioning infrastructures for sustainable land governance _h[electronic resource] |
| 260 |
_aWashington _bFIG _c2009 |
||
| 520 | _aTraces the evolution from the concepts of Geodetic Datums to Positioning Infrastructures and their relevance to the parallel evolution of the concept of Land Governance. A geodetic datum describes positions in three dimensions and underpins all of what we now call geo-spatial information. The concept of a Positioning Infrastructure is based on Global Navigation Satellite Systems such as GPS and extends to the ground infrastructure used to improve the accuracy and reliability of GNSS positioning for users. | ||
| 521 | _aAdvanced | ||
| 590 | _aKA | ||
| 650 | 2 | 4 | _aGEODETIC TRIANGULATION |
| 650 | 2 | 4 | _aPOSITIONING SYSTEMS |
| 650 | 2 | 4 | _aLAND ADMINISTRATION |
| 650 | 2 | 4 | _aGNSS |
| 651 | 4 | _aInternational | |
| 690 |
_aLand use _96251 |
||
| 700 | 1 | _aHiggins, Matthew | |
| 856 | 4 | 0 |
_uhttps://www.rics.org/Global/Downloads/RICS_FIG_Building_Institutional_and_Oragnisational_Capacity_for_Land.pdf _zView the document free of charge at www.rics.org |
| 942 | _n0 | ||
| 999 |
_c116219 _d116219 |
||